| 000 | 01191nam0a22003731 4500 | ||
|---|---|---|---|
| 001 | RU\NLR\A1SV\105270 | ||
| 005 | 20260123100112.0 | ||
| 035 | _a(NLR Aleph) 009786623 | ||
| 090 |
_a10118712 _c10118712 |
||
| 100 | _a20100705d1921 u y0rusy50 ca | ||
| 101 | 0 | _arus | |
| 102 | _aRU | ||
| 200 | 1 |
_aТатлин _e(Против кубизма) _fН.Пунин _g[Петрогр. отд. изобр. искусств] |
|
| 210 |
_aПб. _cГос. изд. _d1921 |
||
| 215 |
_a25, [2] с., 16 л. ил., портр. _d30 см |
||
| 300 | _aКоллектив указан на обл. | ||
| 316 |
_aЭкз. ГРМ с автографом авт. _5ГРМ |
||
| 316 |
_aЭкз. НБ РК с автографом авт. _5НБ РК |
||
| 620 | _dСанкт-Петербург | ||
| 700 | 1 |
_aПунин _bН.Н. _f1888-1953 _gНиколай Николаевич |
|
| 801 | 0 |
_aRU _bNLR _c20100705 |
|
| 852 |
_aNLR _j37.57.1.5 |
||
| 852 |
_aNLR _y123/42 |
||
| 852 |
_aNLR _jМф К1/7835 |
||
| 899 | _aГПИБ | ||
| 899 | _aГРМ | ||
| 899 | _aСПбГУ | ||
| 899 | _aРГБИ | ||
| 899 | _aНБ РК | ||
| 899 | _aРГБ | ||
| 942 | _cBOOK | ||
| 980 | _aA1SV | ||
| 980 | _aNB | ||